000 01093nam a22003737a 4500
001 BR0201666
003 BR-BrBNA
005 20230928101045.0
007 ta
008 230509b bl.||||| |||| 00| 0 por d
040 _aBR-BrBNA
_bpor
_cBiblioteca Nacional de Agricultura
041 _a(Por)
072 _aP01; F40
090 _ P01 BR0201666
100 1 _aRibeiro, J.F.
100 1 _aFonseca, C.E.L. da
100 1 _aSousa-Silva, J.C.(eds.)
110 1 _aEMBRAPA Cerrados, Planaltina, DF (Brasil)
110 1 _aMinistério do Meio Ambiente, Brasília, DF (Brasil)
245 1 _aCerrado: caracterização e recuperação de matas de galeria
260 3 _aPlanaltina, DF (Brasil):
_c2001.
300 _a899 p.
500 _aSeveral bibliography; 106 tables; 102 illus.
650 _aMATA
650 _aMATA CILIAR
650 _aPRESERVAÇÃO DA NATUREZA
650 _aECOLOGIA FLORESTAL
650 _aPROPRIEDADE FÍSICO-QUÍMICA
650 _aBIOTA
650 _aTAXONOMIA VEGETAL
650 _aCERRADO
909 _a202309
_bLucia
_c55
_dLucia Elande
942 _cBK
999 _c64063
_d64063